| 000 | 01339nac a22003011u 4500 | ||
|---|---|---|---|
| 010 | _a 93031328 | ||
| 020 | _a1555425933 (alk. paper) | ||
| 082 | 0 | 0 |
_a658.403 _bDRI |
| 090 |
_c9427 _d9427 |
||
| 100 | _aDriver, Michael J. | ||
| 245 | 1 | 4 |
_aThe dynamic decision maker : _bfive decision styles for executive and business success / _cMichael J. Driver, Kenneth R. Brousseau, Phillip L.Hunsaker. |
| 250 | _a1st ed. | ||
| 260 |
_aSan Francisco, Calif. : _bJossey-Bass,1993 _cc1993. |
||
| 300 |
_axxvi, 267 p. : _bill. ; _c23 cm. |
||
| 440 | 4 | _aThe Jossey-Bass management series | |
| 500 | _aOriginally published: New York : The dynamic decisionmaker. Harper & Row, c1990. | ||
| 500 | _adistributer: Al-Ahram | ||
| 504 | _aIncludes bibliographical references (p. 257-261) and index. | ||
| 511 | _acatalogued by: wessam | ||
| 650 | 0 | _aDecision making. | |
| 650 | 0 | _aSuccess in business. | |
| 700 | 1 | _aBrousseau, Kenneth R. | |
| 700 | 1 | _aHunsaker, Phillip L. | |
| 856 | 4 | 1 |
_3Table of contents _uhttp://www.loc.gov/catdir/toc/wiley023/93031328.html |
| 856 | 4 | 1 |
_3Contributor biographical information _uhttp://www.loc.gov/catdir/enhancements/fy0706/93031328-b.html |
| 856 | 4 | 1 |
_3Publisher description _uhttp://www.loc.gov/catdir/enhancements/fy0706/93031328-d.html |
| 942 |
_cBB _k658.403DRI |
||
| 999 |
_c9427 _d9427 |
||